| 000 | 00493nam a2200169 i 4500 | ||
|---|---|---|---|
| 001 | 78905 | ||
| 003 | ES-MaACL | ||
| 005 | 20240118063002.0 | ||
| 007 | t| | ||
| 008 | 041018s1935 fr ||||1| fre d | ||
| 100 | 1 |
_aHazard, Paul, _d1878-1944 _962229 |
|
| 245 | 1 | 3 |
_aLa crise de la conscience europienne (1680-1715) / _cPaul Hazard. |
| 260 |
_aParis : _b[s.n., _c1935] ( _fFirmin Didot) |
||
| 300 |
_a3 v. ; _c23 cm. |
||
| 852 |
_aES-MaACL _jA-3413-15 |
||
| 999 |
_c78905 _d78905 |
||